000 00287nam a22001337a 4500
008 171016b xxu||||| |||| 00| 0 eng d
020 _a9780465081431
041 _aeng
080 _a33
100 _a52
101 _aECO
245 _aAPPLIED ECONOMICS
_cSOWELL.TH
942 _2udc
_cBK
999 _c34101
_d34101